[Event "Team Championship of Russia (rapid)"]
[Site "Sochi"]
[Date "2015.05.09"]
[Round "6.29"]
[White "Demidov, Mikhail"]
[Black "Belov, Igor"]
[Result "1-0"]
[LiveChessVersion "1.4.4"]
[BlackElo "2506"]
[WhiteElo "2493"]
[BlackTeam "SK Volga"]
[WhiteTeam "Boavishta"]

1. Nc3 {[%clk 0:15:11]} g6 {[%clk 0:15:13]} 2. d4 {[%clk 0:15:13]} Bg7
{[%clk 0:15:22]} 3. e4 {[%clk 0:15:22]} d6 {[%clk 0:15:32]} 4. Nf3
{[%clk 0:15:30]} Nf6 {[%clk 0:15:41]} 5. Be2 {[%clk 0:15:39]} O-O
{[%clk 0:15:49]} 6. O-O {[%clk 0:15:47]} c5 {[%clk 0:15:58]} 7. dxc5
{[%clk 0:15:20]} dxc5 {[%clk 0:16:07]} 8. h3 {[%clk 0:15:17]} Nc6
{[%clk 0:15:51]} 9. e5 {[%clk 0:15:06]} Nd7 {[%clk 0:15:11]} 10. e6
{[%clk 0:15:12]} fxe6 {[%clk 0:15:20]} 11. Ne4 {[%clk 0:14:46]} Nd4
{[%clk 0:13:41]} 12. c3 Nxf3+ {[%clk 0:13:01]} 13. Bxf3 {[%clk 0:14:41]} Ne5
{[%clk 0:12:22]} 14. Be2 {[%clk 0:14:49]} Qd5 {[%clk 0:12:25]} 15. Qc2
{[%clk 0:14:48]} b6 {[%clk 0:11:56]} 16. Rd1 Qc6 17. Bg5 {[%clk 0:14:43]} Bb7
{[%clk 0:12:01]} 18. f3 {[%clk 0:14:51]} Rf7 {[%clk 0:11:48]} 19. Rd2
{[%clk 0:14:51]} h6 {[%clk 0:10:55]} 20. Be3 {[%clk 0:14:55]} g5 {[%clk 0:10:59]}
21. Rad1 {[%clk 0:15:02]} Raf8 {[%clk 0:10:36]} 22. Rd8 {[%clk 0:14:30]} Qc7
{[%clk 0:10:37]} 23. Rxf8+ {[%clk 0:14:38]} Rxf8 {[%clk 0:10:42]} 24. Bf2
{[%clk 0:14:22]} Rd8 {[%clk 0:10:39]} 25. Rxd8+ {[%clk 0:13:56]} Qxd8
{[%clk 0:10:48]} 26. Bg3 {[%clk 0:14:02]} Qd5 {[%clk 0:10:36]} 27. Qa4
{[%clk 0:14:07]} a5 {[%clk 0:09:06]} 28. Qe8+ {[%clk 0:14:11]} Bf8
{[%clk 0:09:15]} 29. h4 {[%clk 0:13:14]} gxh4 {[%clk 0:08:01]} 30. Bxh4
{[%clk 0:13:07]} Qd7 {[%clk 0:08:07]} 31. Qh5 {[%clk 0:12:55]} Bxe4
{[%clk 0:07:45]} 32. fxe4 {[%clk 0:11:29]} Bg7 {[%clk 0:07:48]} 33. Bg3
{[%clk 0:11:31]} Qd6 {[%clk 0:07:51]} 34. Qe8+ {[%clk 0:11:25]} Kh7
{[%clk 0:07:59]} 35. Bh5 {[%clk 0:11:30]} Nf3+ {[%clk 0:07:55]} 36. Kf2
{[%clk 0:11:05]} Qd2+ {[%clk 0:08:04]} 37. Kxf3 {[%clk 0:11:14]} Qd1+
{[%clk 0:08:13]} 38. Kf2 {[%clk 0:11:18]} Qd2+ {[%clk 0:07:58]} 39. Kg1
{[%clk 0:11:24]} Qe3+ {[%clk 0:08:04]} 40. Kh2 {[%clk 0:11:20]} 1-0

[Event "Team Championship of Russia (rapid)"]
[Site "Sochi"]
[Date "2015.05.09"]
[Round "6.30"]
[White "Skomorokhin, Vadim"]
[Black "Vastrukhin, Oleg"]
[Result "0-1"]
[LiveChessVersion "1.4.4"]
[BlackElo "2444"]
[WhiteElo "2311"]
[BlackTeam "Boavishta"]
[WhiteTeam "SK Volga"]

1. d4 g6 2. e4 {[%clk 0:15:28]} c6 {[%clk 0:15:27]} 3. Nf3 {[%clk 0:15:35]} Bg7
{[%clk 0:15:36]} 4. Bd3 {[%clk 0:15:33]} d5 {[%clk 0:15:44]} 5. e5
{[%clk 0:15:07]} Bg4 {[%clk 0:15:47]} 6. Nbd2 {[%clk 0:15:13]} e6
{[%clk 0:15:48]} 7. c3 {[%clk 0:15:17]} Ne7 {[%clk 0:15:53]} 8. Qb3
{[%clk 0:15:17]} Qb6 {[%clk 0:15:37]} 9. Ng1 {[%clk 0:14:40]} Bf5
{[%clk 0:15:39]} 10. Be2 {[%clk 0:14:46]} h5 {[%clk 0:15:06]} 11. h3
{[%clk 0:14:55]} Nd7 {[%clk 0:15:02]} 12. Ngf3 {[%clk 0:14:36]} c5
{[%clk 0:15:01]} 13. O-O {[%clk 0:14:35]} Nc6 {[%clk 0:15:04]} 14. Qxb6
{[%clk 0:14:05]} Nxb6 {[%clk 0:14:49]} 15. b3 {[%clk 0:14:01]} cxd4
{[%clk 0:14:45]} 16. cxd4 {[%clk 0:14:08]} Rc8 {[%clk 0:14:43]} 17. Ba3
{[%clk 0:13:57]} f6 {[%clk 0:14:51]} 18. Bb5 {[%clk 0:13:21]} Kf7
{[%clk 0:14:27]} 19. Rac1 {[%clk 0:13:12]} g5 {[%clk 0:13:29]} 20. Bxc6
{[%clk 0:12:48]} bxc6 {[%clk 0:13:25]} 21. exf6 {[%clk 0:12:53]} Bxf6
{[%clk 0:13:33]} 22. Rfe1 {[%clk 0:12:15]} Nd7 {[%clk 0:13:07]} 23. Bd6
{[%clk 0:12:10]} g4 {[%clk 0:12:39]} 24. hxg4 {[%clk 0:12:16]} hxg4
{[%clk 0:12:48]} 25. Ne5+ {[%clk 0:12:23]} Bxe5 {[%clk 0:11:55]} 26. Bxe5
{[%clk 0:12:23]} Rh7 {[%clk 0:11:43]} 27. Nf1 {[%clk 0:12:23]} c5
{[%clk 0:11:38]} 28. Ng3 {[%clk 0:12:03]} Kg6 {[%clk 0:11:29]} 29. Rc3
{[%clk 0:11:20]} c4 {[%clk 0:10:45]} 30. bxc4 {[%clk 0:11:15]} Rxc4
{[%clk 0:10:53]} 31. Rxc4 {[%clk 0:10:15]} dxc4 {[%clk 0:11:02]} 32. Rc1
{[%clk 0:10:01]} Bd3 {[%clk 0:10:52]} 33. Nf1 {[%clk 0:09:25]} Bxf1
{[%clk 0:10:59]} 34. Rxf1 {[%clk 0:09:28]} Nxe5 {[%clk 0:11:03]} 35. dxe5
{[%clk 0:09:36]} Kf5 {[%clk 0:11:11]} 36. Rc1 {[%clk 0:09:26]} Rc7
{[%clk 0:11:20]} 37. Kf1 {[%clk 0:09:00]} Kxe5 {[%clk 0:11:28]} 38. Ke2
{[%clk 0:09:08]} Kd4 {[%clk 0:11:37]} 39. Kd2 {[%clk 0:09:16]} c3+
{[%clk 0:11:17]} 40. Kc2 {[%clk 0:09:23]} Rb7 {[%clk 0:11:26]} 41. Rd1+
{[%clk 0:09:26]} Kc4 {[%clk 0:11:34]} 42. Re1 {[%clk 0:09:34]} Rb2+
{[%clk 0:11:43]} 43. Kc1 {[%clk 0:09:43]} Rxa2 {[%clk 0:11:48]} 44. Rxe6
{[%clk 0:09:42]} Rxf2 {[%clk 0:11:56]} 45. g3 {[%clk 0:09:37]} Kb3
{[%clk 0:12:04]} 46. Kd1 {[%clk 0:09:27]} c2+ {[%clk 0:12:08]} 47. Kd2 0-1

[Event "Team Championship of Russia (rapid)"]
[Site "Sochi"]
[Date "2015.05.09"]
[Round "6.31"]
[White "Pasiev, Rakhim"]
[Black "Talanin, Andrei"]
[Result "1-0"]
[LiveChessVersion "1.4.4"]
[BlackElo "2278"]
[WhiteElo "2406"]
[BlackTeam "SK Volga"]
[WhiteTeam "Boavishta"]

1. e4 {[%clk 0:15:18]} d5 {[%clk 0:15:16]} 2. exd5 {[%clk 0:15:26]} Qxd5
{[%clk 0:15:24]} 3. Nc3 {[%clk 0:15:35]} Qd6 {[%clk 0:15:33]} 4. d4
{[%clk 0:15:43]} Nf6 {[%clk 0:15:36]} 5. Nf3 {[%clk 0:15:51]} a6 {[%clk 0:15:28]}
6. g3 {[%clk 0:15:58]} Bg4 {[%clk 0:15:25]} 7. Bg2 {[%clk 0:16:07]} c6
{[%clk 0:15:16]} 8. O-O {[%clk 0:16:12]} e6 {[%clk 0:15:12]} 9. Bf4
{[%clk 0:16:18]} Qd8 {[%clk 0:15:08]} 10. Qd2 {[%clk 0:16:20]} Be7
{[%clk 0:14:52]} 11. Ne5 {[%clk 0:16:29]} Bf5 {[%clk 0:14:20]} 12. a3
{[%clk 0:16:18]} O-O {[%clk 0:14:19]} 13. Rad1 {[%clk 0:15:22]} Nbd7
{[%clk 0:14:13]} 14. Nxd7 {[%clk 0:15:20]} Nxd7 {[%clk 0:12:27]} 15. Na4
{[%clk 0:14:31]} h6 {[%clk 0:11:48]} 16. c4 {[%clk 0:14:29]} Bg4 {[%clk 0:10:01]}
17. Rc1 {[%clk 0:14:18]} Nb6 {[%clk 0:09:02]} 18. Nxb6 {[%clk 0:12:52]} Qxb6
{[%clk 0:09:11]} 19. h3 {[%clk 0:13:00]} Bh5 {[%clk 0:09:02]} 20. d5
{[%clk 0:12:25]} exd5 {[%clk 0:06:24]} 21. cxd5 {[%clk 0:12:31]} Bf6
{[%clk 0:05:15]} 22. dxc6 {[%clk 0:12:30]} bxc6 {[%clk 0:05:24]} 23. b4
{[%clk 0:12:24]} Rac8 {[%clk 0:04:55]} 24. Rc5 {[%clk 0:11:48]} Rfd8
{[%clk 0:04:18]} 25. Qa2 {[%clk 0:11:45]} Bd1 {[%clk 0:03:37]} 26. Be4
{[%clk 0:10:52]} Ba4 {[%clk 0:03:27]} 27. Bg6 {[%clk 0:11:00]} Rd7
{[%clk 0:03:28]} 28. Bf5 {[%clk 0:11:08]} Rcd8 {[%clk 0:03:29]} 29. Bxd7
{[%clk 0:11:14]} Rxd7 {[%clk 0:03:39]} 30. Re1 {[%clk 0:11:20]} Rd8
{[%clk 0:03:23]} 31. Rf5 {[%clk 0:11:17]} Qd4 {[%clk 0:03:13]} 32. Be5
{[%clk 0:11:13]} Qd5 {[%clk 0:03:06]} 33. Qb1 {[%clk 0:11:13]} Re8
{[%clk 0:02:47]} 34. g4 {[%clk 0:10:34]} c5 {[%clk 0:02:35]} 35. Bxf6
{[%clk 0:10:40]} Rxe1+ {[%clk 0:02:26]} 36. Qxe1 Qb3 37. Bc3 {[%clk 0:10:39]}
cxb4 {[%clk 0:02:38]} 38. axb4 {[%clk 0:10:46]} Bc6 {[%clk 0:02:40]} 39. Rc5
{[%clk 0:10:49]} Bb7 {[%clk 0:02:45]} 40. Rc7 {[%clk 0:10:13]} Bd5
{[%clk 0:02:43]} 41. Rd7 {[%clk 0:09:35]} Bc6 {[%clk 0:02:47]} 42. Rd6
{[%clk 0:08:09]} Bb7 {[%clk 0:02:50]} 43. Qe8+ {[%clk 0:07:36]} Kh7
{[%clk 0:02:58]} 44. Rxh6+ {[%clk 0:07:38]} 1-0

[Event "Team Championship of Russia (rapid)"]
[Site "Sochi"]
[Date "2015.05.09"]
[Round "6.32"]
[White "Shumilina, Alexandra"]
[Black "Denishev, Marat"]
[Result "1-0"]
[LiveChessVersion "1.4.4"]
[BlackElo "2261"]
[WhiteElo "2344"]

1. e4 {[%clk 0:15:18]} c5 {[%clk 0:15:17]} 2. c3 {[%clk 0:15:26]} Nc6
{[%clk 0:15:17]} 3. d4 {[%clk 0:15:35]} cxd4 {[%clk 0:15:25]} 4. cxd4
{[%clk 0:15:43]} e5 {[%clk 0:15:32]} 5. d5 {[%clk 0:15:13]} Nd4 {[%clk 0:15:41]}
6. Bd3 {[%clk 0:13:56]} Bb4+ {[%clk 0:15:23]} 7. Nc3 {[%clk 0:13:52]} Nf6
{[%clk 0:14:53]} 8. Nge2 {[%clk 0:13:36]} Nxe2 {[%clk 0:14:39]} 9. Qxe2
{[%clk 0:13:43]} d6 {[%clk 0:14:03]} 10. O-O {[%clk 0:13:43]} O-O
{[%clk 0:13:42]} 11. Bg5 {[%clk 0:13:30]} h6 {[%clk 0:11:12]} 12. Bh4
{[%clk 0:13:34]} g5 {[%clk 0:11:04]} 13. Bg3 {[%clk 0:13:42]} Bg4
{[%clk 0:10:43]} 14. f3 {[%clk 0:13:38]} Bd7 {[%clk 0:10:38]} 15. Bf2
{[%clk 0:13:36]} Nh5 {[%clk 0:10:14]} 16. g3 {[%clk 0:13:27]} Ng7
{[%clk 0:09:53]} 17. g4 {[%clk 0:11:56]} Ne8 {[%clk 0:09:03]} 18. Nd1
{[%clk 0:10:45]} Nf6 {[%clk 0:08:38]} 19. Kg2 {[%clk 0:09:31]} Nh7
{[%clk 0:07:32]} 20. Rh1 {[%clk 0:08:12]} Rc8 {[%clk 0:05:26]} 21. a3
{[%clk 0:05:42]} Bc5 {[%clk 0:04:55]} 22. Bxc5 {[%clk 0:05:29]} Rxc5
{[%clk 0:05:03]} 23. b4 {[%clk 0:05:30]} Rc7 {[%clk 0:04:59]} 24. Ne3
{[%clk 0:05:38]} Qe7 {[%clk 0:04:53]} 25. Bb5 {[%clk 0:04:01]} Bc8
{[%clk 0:04:52]} 26. Rac1 {[%clk 0:04:05]} a6 {[%clk 0:04:41]} 27. Bd3
{[%clk 0:03:54]} Rd8 {[%clk 0:04:40]} 28. Qd2 {[%clk 0:03:33]} Nf8
{[%clk 0:04:09]} 29. Rxc7 {[%clk 0:02:45]} Qxc7 {[%clk 0:04:17]} 30. Rc1
{[%clk 0:02:50]} Qb6 {[%clk 0:04:25]} 31. Nf5 {[%clk 0:02:37]} Bxf5
{[%clk 0:03:29]} 32. gxf5 {[%clk 0:02:45]} Nh7 {[%clk 0:03:03]} 33. Qf2
{[%clk 0:02:37]} Qxf2+ {[%clk 0:03:02]} 34. Kxf2 Rd7 {[%clk 0:03:09]} 35. Rc8+
{[%clk 0:02:27]} Kg7 {[%clk 0:03:18]} 36. Bc2 {[%clk 0:02:35]} h5
{[%clk 0:02:43]} 37. h3 {[%clk 0:02:26]} Kf6 {[%clk 0:02:16]} 38. Ba4
{[%clk 0:02:27]} b5 {[%clk 0:02:24]} 39. Bd1 {[%clk 0:02:26]} Ke7
{[%clk 0:02:14]} 40. Ra8 {[%clk 0:02:33]} Rc7 {[%clk 0:02:16]} 41. Rxa6
{[%clk 0:02:41]} Rc1 {[%clk 0:02:05]} 42. Be2 {[%clk 0:02:49]} g4
{[%clk 0:02:00]} 43. fxg4 {[%clk 0:02:50]} hxg4 {[%clk 0:02:09]} 44. hxg4
{[%clk 0:02:59]} Ng5 {[%clk 0:02:18]} 45. Ke3 {[%clk 0:02:37]} Rc3+
{[%clk 0:02:22]} 46. Bd3 {[%clk 0:02:46]} Rb3 {[%clk 0:02:07]} 47. Ra7+
{[%clk 0:02:46]} Kf6 {[%clk 0:02:08]} 48. Rd7 {[%clk 0:02:51]} Nh3
{[%clk 0:02:14]} 49. Kd2 {[%clk 0:02:35]} Nf2 {[%clk 0:02:12]} 50. Bc2
{[%clk 0:02:33]} Rxa3 {[%clk 0:02:14]} 51. Rxd6+ {[%clk 0:02:41]} Ke7
{[%clk 0:02:08]} 52. Rb6 {[%clk 0:02:37]} Ra2 {[%clk 0:01:56]} 53. Kc3
{[%clk 0:02:43]} Nxg4 {[%clk 0:01:55]} 54. Kb3 {[%clk 0:02:40]} Ra1
{[%clk 0:01:58]} 55. Bd3 {[%clk 0:02:48]} Nf2 {[%clk 0:02:00]} 56. f6+
{[%clk 0:02:36]} Kd8 {[%clk 0:02:06]} 57. Bc2 {[%clk 0:02:35]} Ng4
{[%clk 0:01:39]} 58. Rb8+ {[%clk 0:02:27]} Kc7 {[%clk 0:01:46]} 59. Rf8
{[%clk 0:02:34]} Nxf6 {[%clk 0:01:46]} 60. Rxf7+ {[%clk 0:02:43]} Nd7
{[%clk 0:01:55]} 61. Bd3 {[%clk 0:02:48]} Kd6 {[%clk 0:01:42]} 62. Bxb5
{[%clk 0:02:52]} Nb6 {[%clk 0:01:47]} 63. Rf6+ {[%clk 0:02:59]} Kc7
{[%clk 0:01:55]} 64. Rc6+ {[%clk 0:03:07]} Kb7 {[%clk 0:02:04]} 65. Re6
{[%clk 0:03:09]} Rb1+ {[%clk 0:02:03]} 66. Kc3 {[%clk 0:03:18]} Rc1+
{[%clk 0:01:42]} 67. Kb2 {[%clk 0:03:24]} Rh1 {[%clk 0:01:36]} 68. Re7+
{[%clk 0:03:25]} Kb8 {[%clk 0:01:38]} 69. Rxe5 {[%clk 0:03:27]} Rh2+
{[%clk 0:01:46]} 70. Kc3 {[%clk 0:03:35]} Rh3+ {[%clk 0:01:54]} 71. Kd4
{[%clk 0:03:43]} Rb3 {[%clk 0:01:39]} 72. Kc5 {[%clk 0:03:42]} Nc8
{[%clk 0:01:32]} 73. d6 {[%clk 0:03:30]} Rc3+ {[%clk 0:01:39]} 74. Kd4
{[%clk 0:03:33]} 1-0

[Event "Team Championship of Russia (rapid)"]
[Site "Sochi"]
[Date "2015.05.09"]
[Round "6.33"]
[White "Triapishko, Olexandr"]
[Black "Reshetnikov, Alexey"]
[Result "1-0"]
[LiveChessVersion "1.4.4"]
[BlackElo "2390"]
[WhiteElo "2544"]
[BlackTeam "Our heritage - Junior"]
[WhiteTeam "Crimea"]

1. Nf3 {[%clk 0:15:16]} d5 {[%clk 0:15:19]} 2. g3 {[%clk 0:15:19]} Nf6
{[%clk 0:15:26]} 3. Bg2 {[%clk 0:15:27]} c6 {[%clk 0:15:35]} 4. O-O
{[%clk 0:15:29]} Bf5 {[%clk 0:15:44]} 5. d3 {[%clk 0:15:31]} e6 {[%clk 0:15:51]}
6. Nbd2 {[%clk 0:14:46]} h6 {[%clk 0:15:59]} 7. b3 {[%clk 0:14:29]} Be7
{[%clk 0:16:07]} 8. Bb2 {[%clk 0:14:37]} O-O {[%clk 0:16:15]} 9. c4
{[%clk 0:14:32]} a5 {[%clk 0:16:22]} 10. a3 {[%clk 0:14:37]} Nbd7
{[%clk 0:16:29]} 11. Ra2 {[%clk 0:13:37]} Qb6 {[%clk 0:16:19]} 12. Qa1
{[%clk 0:13:18]} Qa6 {[%clk 0:16:12]} 13. Ne5 {[%clk 0:12:24]} Rfd8
{[%clk 0:14:49]} 14. Rc1 {[%clk 0:11:03]} Bf8 {[%clk 0:13:02]} 15. Nxd7
{[%clk 0:08:16]} Nxd7 {[%clk 0:13:11]} 16. Bc3 {[%clk 0:08:13]} b5
{[%clk 0:12:48]} 17. Rac2 {[%clk 0:06:40]} bxc4 {[%clk 0:10:01]} 18. bxc4
{[%clk 0:06:47]} Rab8 {[%clk 0:10:10]} 19. Bb2 {[%clk 0:05:47]} a4
{[%clk 0:08:30]} 20. cxd5 {[%clk 0:05:00]} cxd5 {[%clk 0:08:36]} 21. Nf3
{[%clk 0:04:30]} Rdc8 {[%clk 0:06:56]} 22. Nd4 {[%clk 0:04:28]} Rxc2
{[%clk 0:04:58]} 23. Rxc2 {[%clk 0:04:37]} Bg6 {[%clk 0:04:49]} 24. Nc6
{[%clk 0:03:14]} Rb6 {[%clk 0:04:31]} 25. Nb4 {[%clk 0:02:52]} Qb5
{[%clk 0:03:48]} 26. Rc8 {[%clk 0:02:08]} Rb8 {[%clk 0:03:37]} 27. Rxf8+
{[%clk 0:01:58]} Kxf8 {[%clk 0:02:50]} 28. Bxg7+ {[%clk 0:02:03]} Ke7
{[%clk 0:02:52]} 29. Bxh6 {[%clk 0:02:09]} f6 {[%clk 0:02:35]} 30. g4
{[%clk 0:01:48]} Rc8 {[%clk 0:01:45]} 31. g5 {[%clk 0:01:49]} Qc5
{[%clk 0:01:49]} 32. gxf6+ {[%clk 0:01:40]} Kf7 {[%clk 0:01:58]} 33. Bd2
{[%clk 0:01:24]} Bh5 {[%clk 0:01:43]} 34. Qe1 {[%clk 0:01:02]} Qd4
{[%clk 0:01:33]} 35. e4 {[%clk 0:00:37]} dxe4 {[%clk 0:01:29]} 36. Bxe4
{[%clk 0:00:21]} Ne5 {[%clk 0:00:29]} 37. Qe3 {[%clk 0:00:14]} Nf3+
{[%clk 0:00:16]} 38. Bxf3 {[%clk 0:00:14]} Qa1+ {[%clk 0:00:13]} 39. Kg2
{[%clk 0:00:13]} Rg8+ {[%clk 0:00:21]} 40. Kh3 {[%clk 0:00:22]} Qf1+ 41. Kh4 Bxf3
{[%clk 0:00:15]} 42. Qxf3 {[%clk 0:00:28]} Rh8+ {[%clk 0:00:21]} 43. Kg4
{[%clk 0:00:29]} Rxh2 {[%clk 0:00:15]} 44. Qb7+ {[%clk 0:00:28]} Kxf6
{[%clk 0:00:23]} 45. Bc3+ {[%clk 0:00:32]} e5 {[%clk 0:00:28]} 46. Qc6+
{[%clk 0:00:30]} Kf7 {[%clk 0:00:37]} 47. Qd7+ {[%clk 0:00:38]} Kf8
{[%clk 0:00:42]} 48. Qf5+ {[%clk 0:00:37]} Kg8 {[%clk 0:00:51]} 49. Qg6+
{[%clk 0:00:36]} Kf8 {[%clk 0:00:59]} 50. Qf6+ {[%clk 0:00:20]} Kg8
{[%clk 0:01:08]} 51. Qe6+ {[%clk 0:00:28]} Kf8 {[%clk 0:01:17]} 52. Qf5+
{[%clk 0:00:31]} Kg8 {[%clk 0:01:26]} 53. Qg5+ {[%clk 0:00:21]} Kf7
{[%clk 0:01:26]} 54. Qf5+ {[%clk 0:00:18]} Kg8 {[%clk 0:01:35]} 55. Qg5+
{[%clk 0:00:15]} Kf7 {[%clk 0:01:44]} 56. Qf5+ {[%clk 0:00:22]} Kg8
{[%clk 0:01:53]} 57. Qe6+ {[%clk 0:00:31]} Kf8 {[%clk 0:02:00]} 58. Qc8+
{[%clk 0:00:35]} Kf7 {[%clk 0:02:06]} 59. Qd7+ {[%clk 0:00:39]} Kf8
{[%clk 0:02:14]} 60. Qd8+ {[%clk 0:00:27]} Kf7 {[%clk 0:02:22]} 61. Qc7+
{[%clk 0:00:36]} Kf8 {[%clk 0:02:26]} 62. Qb8+ {[%clk 0:00:42]} Kf7
{[%clk 0:02:35]} 63. Qb7+ {[%clk 0:00:44]} Kf8 {[%clk 0:02:34]} 64. Qf3+
{[%clk 0:00:33]} Kg8 {[%clk 0:02:23]} 65. Bxe5 {[%clk 0:00:24]} Rxf2
{[%clk 0:02:23]} 66. Qd5+ {[%clk 0:00:31]} Kh7 {[%clk 0:02:23]} 67. Qe4+
{[%clk 0:00:33]} Kh6 {[%clk 0:02:04]} 68. Bf4+ {[%clk 0:00:41]} Kg7
{[%clk 0:02:08]} 69. Nd5 {[%clk 0:00:31]} Qd1+ {[%clk 0:01:41]} 70. Kf5
{[%clk 0:00:16]} Qh5+ {[%clk 0:01:09]} 71. Ke6 {[%clk 0:00:25]} Qf7+
{[%clk 0:00:37]} 72. Kd6 {[%clk 0:00:32]} Qf8+ {[%clk 0:00:46]} 73. Kd7
{[%clk 0:00:17]} Qf7+ {[%clk 0:00:48]} 74. Qe7 {[%clk 0:00:20]} Qxe7+
{[%clk 0:00:13]} 75. Kxe7 {[%clk 0:00:29]} Rf3 {[%clk 0:00:17]} 76. Be3
{[%clk 0:00:26]} Rf1 {[%clk 0:00:15]} 77. Kd6 {[%clk 0:00:30]} Rd1
{[%clk 0:00:13]} 78. Nb4 {[%clk 0:00:33]} Kf7 {[%clk 0:00:19]} 79. Bc5
{[%clk 0:00:38]} Rc1 {[%clk 0:00:16]} 80. d4 {[%clk 0:00:44]} Rc3
{[%clk 0:00:18]} 81. Nc6 {[%clk 0:00:53]} Ke8 {[%clk 0:00:23]} 82. d5
{[%clk 0:00:54]} Rc2 {[%clk 0:00:24]} 83. Bb4 {[%clk 0:01:00]} Rc4
{[%clk 0:00:26]} 84. Kc7 {[%clk 0:01:07]} Rc1 {[%clk 0:00:24]} 85. d6
{[%clk 0:01:11]} Rd1 {[%clk 0:00:32]} 86. Bc5 {[%clk 0:01:03]} Rd5
{[%clk 0:00:33]} 87. Bb6 {[%clk 0:00:54]} Rd3 {[%clk 0:00:16]} 88. Ne5
{[%clk 0:00:54]} 1-0

[Event "Team Championship of Russia (rapid)"]
[Site "Sochi"]
[Date "2015.05.09"]
[Round "6.34"]
[White "Vavulin, Maksim"]
[Black "Alexeev, Alexey"]
[Result "0-1"]
[LiveChessVersion "1.4.4"]
[BlackElo "2416"]
[WhiteElo "2307"]
[BlackTeam "Crimea"]
[WhiteTeam "Our heritage - Junior"]

1. e4 {[%clk 0:15:19]} e5 {[%clk 0:15:18]} 2. Nf3 {[%clk 0:15:27]} Nc6
{[%clk 0:15:26]} 3. Nc3 {[%clk 0:15:26]} Nf6 {[%clk 0:15:34]} 4. Be2
{[%clk 0:15:35]} Bb4 {[%clk 0:15:30]} 5. Nd5 {[%clk 0:15:43]} Bc5
{[%clk 0:15:11]} 6. d3 {[%clk 0:15:44]} h6 {[%clk 0:15:06]} 7. c3
{[%clk 0:15:38]} d6 {[%clk 0:14:45]} 8. b4 {[%clk 0:15:44]} Bb6 {[%clk 0:14:53]}
9. a4 {[%clk 0:15:07]} a6 {[%clk 0:14:24]} 10. Nxb6 {[%clk 0:15:14]} cxb6
{[%clk 0:14:33]} 11. O-O {[%clk 0:15:12]} O-O {[%clk 0:14:41]} 12. Ba3
{[%clk 0:13:17]} Qc7 {[%clk 0:14:13]} 13. Nd2 {[%clk 0:12:02]} Re8
{[%clk 0:13:22]} 14. Qb1 {[%clk 0:05:38]} d5 {[%clk 0:13:13]} 15. Bf3
{[%clk 0:04:43]} Be6 {[%clk 0:13:05]} 16. Re1 {[%clk 0:03:44]} b5
{[%clk 0:13:02]} 17. axb5 {[%clk 0:03:49]} axb5 {[%clk 0:13:10]} 18. Bb2
{[%clk 0:03:35]} Rad8 {[%clk 0:11:41]} 19. Nf1 {[%clk 0:02:57]} Bg4
{[%clk 0:11:15]} 20. Bxg4 {[%clk 0:02:50]} Nxg4 {[%clk 0:11:24]} 21. Qa2
{[%clk 0:02:14]} Qb6 {[%clk 0:10:56]} 22. Re2 {[%clk 0:01:28]} dxe4
{[%clk 0:10:08]} 23. dxe4 {[%clk 0:01:37]} Rd3 {[%clk 0:10:09]} 24. h3
{[%clk 0:01:01]} Nf6 {[%clk 0:10:05]} 25. Rae1 {[%clk 0:01:02]} Nh5
{[%clk 0:09:47]} 26. Qb1 {[%clk 0:01:00]} Red8 {[%clk 0:09:41]} 27. Re3
{[%clk 0:01:03]} R3d7 {[%clk 0:09:39]} 28. g3 {[%clk 0:01:04]} Ne7
{[%clk 0:09:22]} 29. Qc2 {[%clk 0:00:57]} Qe6 {[%clk 0:09:23]} 30. Kh2
{[%clk 0:01:03]} Nf6 {[%clk 0:08:04]} 31. R3e2 {[%clk 0:00:50]} Nc8
{[%clk 0:07:57]} 32. f4 {[%clk 0:00:16]} Nb6 {[%clk 0:07:26]} 33. fxe5
{[%clk 0:00:16]} Nh7 {[%clk 0:07:33]} 34. h4 {[%clk 0:00:14]} Nc4
{[%clk 0:07:35]} 35. Bc1 {[%clk 0:00:19]} Nxe5 {[%clk 0:07:38]} 36. Kg2
{[%clk 0:00:25]} Nf6 {[%clk 0:06:26]} 37. Nh2 {[%clk 0:00:17]} Nd3
{[%clk 0:06:20]} 38. Rf1 {[%clk 0:00:20]} Nxe4 {[%clk 0:06:21]} 39. Bf4
{[%clk 0:00:16]} f5 {[%clk 0:06:02]} 40. g4 {[%clk 0:00:17]} Qc6 {[%clk 0:05:35]}
41. Kh3 {[%clk 0:00:17]} g5 {[%clk 0:05:08]} 42. Bc1 {[%clk 0:00:16]} Nxc1
{[%clk 0:04:11]} 43. Qxc1 {[%clk 0:00:22]} Rd3+ {[%clk 0:04:08]} 44. Re3
{[%clk 0:00:28]} f4 {[%clk 0:04:04]} 45. Rxd3 {[%clk 0:00:27]} Rxd3+
{[%clk 0:04:13]} 46. Rf3 {[%clk 0:00:35]} Nf2+ {[%clk 0:04:02]} 47. Kg2
{[%clk 0:00:44]} Nxg4 {[%clk 0:04:04]} 0-1

[Event "Team Championship of Russia (rapid)"]
[Site "Sochi"]
[Date "2015.05.09"]
[Round "6.35"]
[White "Vasilevich, Tatjana"]
[Black "Savenkov, Konstantin"]
[Result "0-1"]
[LiveChessVersion "1.4.4"]
[BlackElo "2278"]
[WhiteElo "2268"]
[BlackTeam "Our heritage - Junior"]
[WhiteTeam "Crimea"]

1. d4 {[%clk 0:15:19]} Nf6 {[%clk 0:15:17]} 2. c4 {[%clk 0:15:27]} g6
{[%clk 0:15:12]} 3. Nc3 {[%clk 0:15:36]} Bg7 {[%clk 0:15:21]} 4. e4
{[%clk 0:15:45]} d6 {[%clk 0:15:30]} 5. f3 {[%clk 0:15:53]} O-O {[%clk 0:15:38]}
6. Be3 {[%clk 0:15:59]} c5 {[%clk 0:15:47]} 7. d5 {[%clk 0:16:04]} e6
{[%clk 0:15:27]} 8. Nge2 {[%clk 0:16:11]} exd5 {[%clk 0:14:38]} 9. cxd5
{[%clk 0:16:19]} a6 {[%clk 0:12:53]} 10. a4 {[%clk 0:16:28]} Nbd7
{[%clk 0:12:54]} 11. Ng3 {[%clk 0:16:35]} Ne5 {[%clk 0:12:50]} 12. Be2
{[%clk 0:16:42]} Rb8 {[%clk 0:12:30]} 13. h3 {[%clk 0:14:44]} Ne8
{[%clk 0:09:15]} 14. O-O {[%clk 0:13:12]} Nc7 {[%clk 0:09:12]} 15. f4
{[%clk 0:13:04]} Nd7 {[%clk 0:08:57]} 16. Qd2 {[%clk 0:13:13]} 0-1